Normal view
MARC view
- Muhammad Ilyas Atta Qadri Rizvi
Entry Personal Name
001 - CONTROL NUMBER
- control field: 129508
003 - CONTROL NUMBER IDENTIFIER
- control field: NUST
005 - DATE AND TIME OF LATEST TRANSACTION
- control field: 20250709125201.0
008 - FIXED-LENGTH DATA ELEMENTS
- fixed length control field: 250709|| aca||aabn | a|a d
040 ## - CATALOGING SOURCE
- Original cataloging agency: NUST
- Transcribing agency: NUST
100 ## - HEADING--PERSONAL NAME
- Personal name: Muhammad Ilyas Atta Qadri Rizvi
670 ## - SOURCE DATA FOUND
- Source citation: Work cat.: (NUST)565546: Muhammad Ilyas Atta Qadri Rizvi, Fezan-e-Ramzan /
